000 00530nas a22002291i 4500
001 298
003 ES-MaACL
005 20250812062547.0
007 t|
008 950801d18801880po | | 1 ||or d
080 _a(469)
080 _a7
245 0 2 _aA arte.
260 _aLisboa :
_b[Imp. A. Rodríguez],
_c1880.
300 _av :
_bgrab ;
_c34 cm.
310 _aMensual
362 0 _a1880-
650 1 7 _aArte
_2embne
_910068
852 _aES-MaACL
_jR-2941
_x.- Olim: G-3294
866 0 _o1880.
999 _c298
_d298